Datum a čas kvízu
23
Celkem bodů
Celkový počet nahraných bodů na tomto kvízu bez doplňovacích otázek.
3.
Pořadí na kvízu
Konečné umístění týmu na tomto kvízu.
Zaznamenané odpovědi
| # | Otázka | Odpověď | Body | Výsledky |
|---|---|---|---|---|
| 1. | Jak se jmenuje bývalý ministr... | 0 | ||
| 2. | Donald Trump si na závěr svého... | 0 | ||
| 3. | V neděli vystoupila v pražském... | 0 | ||
| 4. | Kvůli podezření z neoprávněnéh... | 1 | ||
| 5. | Bývalá světová tenisová jednič... | 1 | ||
| 6. | Pro pražské soutěžící bude tot... | 1 | ||
| 7. | Které dvě linky se kříží ve st... | 0 | ||
| 8. | Jak se za socialismu jmenovala... | 0 | ||
| 9. | V čem drží prvenství stanice N... | 0 | ||
| 10. | Celkem kolikrát projíždí trasa... | 0 |